000 00528nam a22001697a 4500
005 20251108163344.0
008 250721s1985 xx 000 0 ara d
082 1 4 _a193/هيج
100 1 _aهيجل،
245 1 0 _aموسوعة العلوم الفلسفية /
264 1 _aالقاهرة :
_bدار الثقافة للنشر والتوزيع،
_c1985.
300 _a328ص
650 1 7 _aالفلسفة الألمانية
700 1 _aامام، أمام عبد الفتاح
_eترجمة
942 _2ddc
_cBK
999 _c581
_d581